Pervynna partorhanizat︠s︡ii︠a︡ - osnova partiï /

Saved in:
Bibliographic Details
Main Author: I︠a︡ndola, Hryhoriĭ Havrylovych.
Format: Book
Language:Ukrainian
Published: Kyïv : Politvydav Ukraïny, 1977.
Series:Shkola molodoho komunista
Subjects:
Tags: Add Tag
No Tags, Be the first to tag this record!
LEADER 00666nam a2200205Ki 4500
001 005688517-2
005 20020606163548.3
008 950613s1977 un 000 0 ukr d
035 0 |a ocm77978225 
040 |a HLS  |c HLS 
090 |a JN6599.U4  |b I26x 
100 1 |a I︠a︡ndola, Hryhoriĭ Havrylovych. 
245 1 0 |a Pervynna partorhanizat︠s︡ii︠a︡ - osnova partiï /  |c H. I︠a︡ndola. 
260 |a Kyïv :  |b Politvydav Ukraïny,  |c 1977. 
300 |a 47 p. ;  |c 15 cm. 
490 0 |a Shkola molodoho komunista 
504 |a Includes bibliographical references. 
610 2 0 |a Komunistychna partii︠a︡ Ukraïny.  |b Zaporozhʹe (Province) 
988 |a 20020608 
906 |0 MH